000 00740nam a2200229 i 4500
001 bg
100 1 _aGutkowski, Bogdan.
245 1 0 _aAktualne przepisy w ochronie środowiska :
_bsuplement nr 2 do poradnika - wyd. 1999 /
_c[Bogdan Gutkowski] ; Agencja Ochrony Środowiska w Koszalinie.
260 _aKoszalin :
_bAOŚ,
_c2000.
300 _a103 s. ;
_c30 cm.
500 _aVerso kart nie zadrukowane.
650 9 _aŚrodowisko człowieka
_xochrona
_xprawo
_zPolska
_ystan na 2000 r.
710 0 _aAgencja Ochrony Środowiska (Koszalin)
020 _a8390925087
040 _cBPK
041 0 _apol
080 _a504
080 _a349.6(438)
920 _a83-909250-8-7
942 _cKS
008 s pl f |000 0 pol
999 _c37617
_d37617
856 _uhttp://koha.tu.koszalin.pl/cgi-bin/koha/opac-detail.pl?biblionumber=37617
_yKatalog online BPK